Datum a čas kvízu
38
Celkem bodů
Celkový počet nahraných bodů na tomto kvízu bez doplňovacích otázek.
5.
Pořadí na kvízu
Konečné umístění týmu na tomto kvízu.
Zaznamenané odpovědi
| # | Otázka | Odpověď | Body | Výsledky |
|---|---|---|---|---|
| 1. | Omluva od politika se jen tak... | 1 | ||
| 2. | V centru Paříže se v sobotu se... | 1 | ||
| 3. | Jak se jmenuje známá osobnost,... | 1 | ||
| 4. | Jeden tuzemský pivovar oznámil... | 1 | ||
| 5. | Nejlepším hráčem španělské La... | 1 | ||
| 6. | Z filmu S tebou mě baví svět:... | 0 | ||
| 7. | Student Plha potká ve filmu Ma... | 1 | ||
| 8. | Jak se jmenují pletichářští rá... | 0 | ||
| 9. | "Tato kašna a vlasy paní sládk... | 0 | ||
| 10. | „Hele, Hanko, já ti musim něco... | 1 |